000 00734nam a22002057a 4500
999 _c4093
_d4093
003 AR-CdUCM
008 190307b ||||| |||| 00| 0 spa d
020 _a84-376-0217-3
040 _aMUNICIPALIDAD PROVINCIAL DEL CUSCO
_cBIBLIOTECA MUNICIPAL DEL CUSCO
082 _a465.6 /
_bL97
100 _aLuján, Marta
_912980
245 _aSintaxis y semántica del adjetivo /
260 _aMadrid :
_bCatedra,
_c1980.
300 _a248 páginas :
_c21.5 cm.
505 _aContenido:Los adjetivos predicativos -- Las clausulas relativas -- Los adjetivos atributivos -- Los adjetivos sustantivados --Los adjetivos adverbiales ...
650 _aLengua española
_91124
650 _aAdjetivo
_912981
942 _2ddc
_cLIBROS
945 _aafb